| 000 | 01146cam a2200349 a 4500 | ||
|---|---|---|---|
| 001 | 16801358 | ||
| 003 | OSt | ||
| 005 | 20170804155311.0 | ||
| 008 | 110526s2013 paua b 001 0 eng | ||
| 010 | _a 2011022743 | ||
| 020 | _a9780323313384 | ||
| 035 | _a(DNLM)101561564 | ||
| 040 |
_aDNLM/DLC _cDLC _dDLC |
||
| 042 | _apcc | ||
| 050 | 0 | 0 |
_aQM601 _b.M76 2013 |
| 060 | 1 | 0 | _aQS 604 |
| 082 | 0 | 0 |
_a612.64018 MKD _223 |
| 100 | 1 |
_aMoore, Keith L. _916122 |
|
| 245 | 1 | 4 |
_aThe developing human : _bclinically oriented embryology / _cKeith L. Moore, T.V.N. Persaud, Mark G. Torchia. |
| 250 | _a9th ed. | ||
| 260 |
_aPhiladelphia, PA : _bSaunders/Elsevier, _cc2013. |
||
| 300 |
_axix, 540 p. : _bill. (chiefly col.) ; _c28 cm. |
||
| 504 | _aIncludes bibliographical references and index. | ||
| 650 | 0 |
_aEmbryology, Human. _958578 |
|
| 650 | 0 |
_aAbnormalities, Human. _958579 |
|
| 650 | 1 | 2 |
_aEmbryology. _958580 |
| 700 | 1 |
_aPersaud, T. V. N. _916126 |
|
| 700 | 1 |
_aTorchia, Mark G. _916127 |
|
| 906 |
_a7 _bcbc _corignew _d1 _eecip _f20 _gy-gencatlg |
||
| 942 |
_2ddc _cBOOK |
||
| 999 |
_c30153 _d264653 |
||